000 00439nam a2200181Ia 4500
001 2756
005 20260306144830.0
008 260306t1987||||xx |||||||||||||| ||spa||
041 _aESP
082 _a226
_bS57 T. 1
100 _aBenoit., P.
_eAUT
245 0 _aSipnosis de los 4 evangelios de la bilbia de Jerusalén:
_btextos
260 _c1987
300 _a
_c27 cm.
650 _aGEN
654 _aCHU
942 _cLIB
_dJUS
_fJUS
_2ddc
_n
999 _c2756
_d2756